000 02209cam a2200397 i 4500
001 4109
003 FISKH
005 20240607100332.0
008 240607b cb ||||| |||| 00| 0 eng d
010 _a 2019300474
020 _a9780525566700
_q(pbk)
020 _z9780525656418
_q(ebk)
040 _aDLC
_beng
_erda
_cDLC
_dDLC
042 _apcc
043 _aa------
050 0 0 _aHC412
_b.F725 2020
082 0 0 _a337.5
_223
100 1 _aFrankopan, Peter
245 1 4 _aThe new silk roads :
_bthe present and future of the world /
_cPeter Frankopan
264 1 _aNew York :
_bBloomsbury Publishing,
_c2019.
264 4 _c©2018
300 _a356 pages :
_bmap ;
_c20 cm
336 _atext
_btxt
_2rdacontent
337 _aunmediated
_bn
_2rdamedia
338 _avolume
_bnc
_2rdacarrier
504 _aIncludes bibliographical references (pages 235-291) and index.
520 _a"A revelatory vision of the world today, as it is seen by the rising powers of the East. "All roads used to lead to Rome. Now they lead to Beijing." So argues Peter Frankopan in this timely and visionary new book about the present and future of a world that is changing dramatically before our very eyes. In this age of Brexit and Trump, the West is buffeted by the tides of isolation and fragmentation. Yet to the East, this is a moment of optimism as a new network of relationships takes shape along the routes of the ancient trade routes. In The New Silk Roads, Peter Frankopan takes us on an eye-opening journey through the region, from China's breathtaking infrastructure investments to the flood of trade deals among Central Asian republics to the growing rapprochement between Turkey and Russia. This important book asks us to put aside our preconceptions and see the world from a new -- and ultimately hopeful -- perspective"--
_cProvided by publisher.
650 0 _aAsian cooperation.
650 0 _aEast and West.
651 0 _aAsia
_xForeign economic relations.
651 0 _aAsia
_xEconomic integration.
651 0 _aAsia
_xEconomic conditions
_y21st century.
906 _a7
_bcbc
_corigcop
_d2
_encip
_f20
_gy-gencatlg
942 _2ddc
_cBK
_n0
999 _c4109
_d4109